Sagar theke fera (Record no. 6877)

MARC details
000 -LEADER
fixed length control field 00488cam a2200205ua 4500
008 - FIXED-LENGTH DATA ELEMENTS--GENERAL INFORMATION
fixed length control field 141223n ii |||gr||||Z||||||ben
020 ## - INTERNATIONAL STANDARD BOOK NUMBER
International Standard Book Number 8176146691
040 ## - CATALOGING SOURCE
Transcribing agency MAIN
041 ## - LANGUAGE CODE
-- ben
082 ## - DEWEY DECIMAL CLASSIFICATION NUMBER
Classification number 891.441
100 ## - MAIN ENTRY--PERSONAL NAME
Personal name Mitra, P.,
Relator term
245 1# - TITLE STATEMENT
Title Sagar theke fera
Statement of responsibility, etc. By Premendra Mitra
250 ## - EDITION STATEMENT
Edition statement 2nd.
260 ## - PUBLICATION, DISTRIBUTION, ETC.
Place of publication, distribution, etc. Calcutta:
Name of publisher, distributor, etc. Dey,
Date of publication, distribution, etc. 2008.
300 ## - PHYSICAL DESCRIPTION
Extent 48p.
942 ## - ADDED ENTRY ELEMENTS (KOHA)
Koha item type Books
653 ## - INDEX TERM--UNCONTROLLED
Uncontrolled term East Indo-European & Celtic literatures
653 ## - INDEX TERM--UNCONTROLLED
Uncontrolled term Bengali poems
Holdings
Withdrawn status Lost status Damaged status Not for loan Home library Current library Date acquired Total Checkouts Full call number Barcode Date last seen Copy number Price effective from Koha item type
        Naharkatiya College Central Library Naharkatiya College Central Library 19/09/2020   891.441 | MIT 17922 19/09/2020 1 19/09/2020 Books

Naharkatiya College © 2020. All rights reserved.

Powered By